000
00332 a2200157 4500
001
50423
020
_a
857406260X
040
_c
Anchieta - Bela Vista
100
_a
Machado, Ana Maria
240
1
0
_a
Ponto a ponto
_l
por
245
1
0
_a
Ponto a ponto
300
_a
48
362
0
_a
2006
650
4
_a
Literatura juvenil
942
_c
BK
999
_c
50423
_d
50423